Statistics for Countries that Border the Caspian Sea

Click here to take the quiz!

General Stats

  • This quiz has been taken 45 times
  • The average score is 5 of 5

Answer Stats

Countries% Correct
Russia
100%
Iran
98%
Turkmenistan
98%
Azerbaijan
93%
Kazakhstan
88%

Score Distribution

Percentile by Number Answered

Percent of People with Each Score

Your Score History

You have not taken this quiz